=LDR 00000nam 2200000 4500 =001 INLIS000000000036010 =005 20130612141823 =008 ***********************************Ind** =035 ##$$0010-061300000036010 =041 ##$$a Ind =082 ##$$a 810 =090 ##$$a 810, Pri d =100 ##$$a Prihatmi,Sri Rahayu =245 ##$$a Dari mochtar lubis hingga mangunwijaya, Sri rahayu prihatmi =260 ##$$a 1990 $b Jakarta =300 ##$$a 131 hlm, 22 cm =850 ##$$a NBPNMAT